000 00586nam a2200241 a 4500
001 nice12345678
003 IN_TiNIC
005 20260116012607.0
008 050524s1944 hyda grp 000 0 urd
020 _a
_c2
082 0 0 _a954.8092
_bTAL
100 _aTale, Murad Ali
245 _aAsifjahs of Hyderabad
260 _aHyderabad
_bSabras Kitab Ghar
_c1944
500 _aincludes index and biblioraphy
505 2 _aIndex
650 _aBiography-Asif Jahs
650 _aNizams-Biography
700 1 _aTale, Murad Ali
902 _bSRS
942 _cBK
999 _c7590
_d7590